Normal view
MARC view
Entry Personal Name
001 - CONTROL NUMBER
- control field: 60494
003 - CONTROL NUMBER IDENTIFIER
- control field: dpl
005 - DATE AND TIME OF LATEST TRANSACTION
- control field: 20240101113843.0
008 - FIXED-LENGTH DATA ELEMENTS
- fixed length control field: 240101|| aca||aabn | a|a d
040 ## - CATALOGING SOURCE
- Original cataloging agency: dpl
- Transcribing agency: dpl
100 ## - HEADING--PERSONAL NAME
- Personal name: चंदेल,रूपसिंह
670 ## - SOURCE DATA FOUND
- Source citation: Work cat.: (dpl)199916: चंदेल,रूपसिंह , उड़ान/, 2021
